000 00680nam a22002057a 4500
003 OSt
005 20260127050729.0
008 260127b |||||||| |||| 00| 0 eng d
020 _a978-971-513-230-5.
040 _aDWC-Main lib.
_cOC
082 _21st ed.
_aFil. 610.73 B352n 2007
100 _aBautista, Joy N.
245 _aNursing health assessment :
_ba textbook for Filipino nursing students/
_cJoy N. Bautista
260 _aManila :
_bEducational Publishing House,
_cc2007.
300 _axii, 315 p. :
_billustration ;
_c24 cm.
504 _aIncludes references.
650 _a1. Nursing-Textbooks.
760 _b1st ed.
942 _2ddc
_cBK - FIL
_e1st ed.
_hFil.
_n0
999 _c7860
_d7860